00980nam a22002417a 45000010005000000030006000050050017000110080041000280200018000690400029000870500020001160820013001361000017001492450069001662500045002352600037002803000049003174900067003665200223004336500028006566500020006847000034007049118FISKH20251124100133.0251124b cb ||||| |||| 00| 0 eng d a9780439706384 aFISKHbengcFISKHdFISKH aPN6727.S546 B66 a741.5973 aSmith, Jeff  aEyes of the storm / cBy Jeff Smith with color By Steve Hamaker  aFirst Scholastic edition , February 2006 aNew York : bScholastic ,c2006. a174 pages : bcolor illustrations ;c23 cm.  aBone (Collections and Selections — Trade 3: Issues #12–19) aThe adventure starts when cousins Fone Bone, Phoney Bone, and Smiley Bone are run out of Boneville and later get separated and lost in the wilderness, meeting monsters and making friends as they attempt to return home. aGraphic novelsvFiction aComic vFiction aHamaker, Steve eIllustrator